LEADER 01162nam a2200265 i 4500 001 000000166501 003 CaOOAMICUS 005 20211021162003.0 008 071113s1968 it u000 u ita u 013 $a143870 040 $aSeMil$bita 100 1 $aCarroll, Lewis,$d<1832-1898>.$0(OLS)http://semarc/name/62710 240 10$aAlice's adventures in wonderland.$0(OLS)http://semarc/title/237902 245 10$aAlice nel paese delle meraviglie /$cdi Lewis Carroll ; illustrazioni di John Tenniel. 264 1$aMilano :$bBompiani,$c1968. 300 $a155 p. :$bill. ;$c21 cm. 490 1 $aI delfini d'acciaio : i pił famosi libri moderni per i giovani ;$v16 700 1 $aTenniel, John.$0(OLS)http://semarc/name/62711 830 2$aI delfini d'acciaio : i pił famosi libri moderni per i giovani ;$v16.$0(OLS)http://semarc/title/24643 850 $aSeMil 852 $aSeMil$W1$xVenegono$y1$m1T II 77$j236611$B117664$CSeMilBibl$Z2$F128363 $81 961 $aRecupero: Altro 996 $6245$aAlice nel paese delle meraviglie$9(OLS)http://semarc/title/237901 996 $6264$aMilano :$bBompiani$9(OLS)http://semarc/publisher/29706 LEADER 01156nam a2200205 i 4500 001 000000251789 003 CaOOAMICUS 005 20161201000000.0 008 161201s1804 it u000 u ita u 013 $a230694 026 $aE.CO i.te tei- diDu (7) 1804 (R) 040 $aSeMil$bita 245 10$aTomo 35. 300 $a472, [4] p., [3] c. di tav. ripieg. 500 $aContiene: Opere di Giambattista Vasco (Risposta al quesito: Quali siano i mezzi di provvedere al sostentamento degli operaj soliti impiegarsi nel torcimento delle sete ne' filatoj ... ; Annunzj ed estratti sopra diversi oggetti di economia politica). - Segn.: [A]8 B-2F8 2G6. 773 0 $tScrittori classici italiani di economia politica.$dMilano : Nella Stamperia e Fondria di G. G. Destefanis, a san Zeno n. 534, 1803-1816.$g42$w()33494 773 0 $tScrittori classici italiani di economia politica. Parte moderna.$dMilano : Nella Stamperia e Fonderia di G. G. Destefanis, a san Zeno n. 534, 1803-1805.$g35$w()33495 850 $aSeMil 852 $aSeMil$W1$xVenegono$y1$m3M II 35 FA$j202135$B202135$CSeMilBibl$Z2$F214752 $8I 996 $6245$aTomo 35$9(OLS)http://semarc/title/334601